Имидж как точная наука

Bibliographic Details
Main Author: Кондратьева Т. М. Татьяна Михайловна
Other Authors: Саламатов В. Е. Владимир Евгеньевич
Summary:Увлекательный, как детектив, и изящный, как платье от кутюр, учебник по формированию имиджа, составленный известными психотерапевтами и имиджеологами.
Language:Russian
Published: СПб., Амфора, 2007
Series:Полезная книга
Subjects:
Format: Book
KOHA link:https://koha.lib.tpu.ru/cgi-bin/koha/opac-detail.pl?biblionumber=103547

MARC

LEADER 00000nam0a2200000 4500
001 103547
005 20231031113703.0
010 |a 9785367003208 
035 |a (RuTPU)RU\TPU\book\111641 
090 |a 103547 
100 |a 20061018d2007 m y0rusy50 ca 
101 0 |a rus 
102 |a RU 
105 |a a j 000zy 
200 1 |a Имидж как точная наука  |f Т. М. Кондратьева, В. Е. Саламатов 
210 |a СПб.  |c Амфора  |d 2007 
215 |a 317 с.  |c ил. 
225 1 |a Полезная книга 
330 |a Увлекательный, как детектив, и изящный, как платье от кутюр, учебник по формированию имиджа, составленный известными психотерапевтами и имиджеологами. 
610 1 |a психология 
610 1 |a личность 
610 1 |a социальная психология 
610 1 |a общение 
610 1 |a имидж 
610 1 |a фирменный стиль 
610 1 |a психотерапия 
610 1 |a жесты 
610 1 |a одежда 
686 |a Ю953  |v LBC/SL-A  |2 rubbk 
686 |a Ю937.3  |v LBC/SL-A  |2 rubbk 
700 1 |a Кондратьева  |b Т. М.  |g Татьяна Михайловна 
701 1 |a Саламатов  |b В. Е.  |g Владимир Евгеньевич 
801 1 |a RU  |b 63413507  |c 20061018  |g PSBO 
801 2 |a RU  |b 63413507  |c 20120312  |g PSBO 
900 |a Имиджелогия 
942 |c BK 
959 |a 89/20061012  |d 1  |e 174,35  |f ЧЗГЛ:1